000 00566nam a2200181Ia 4500
003 GCL
008 140319s9999 xx 000 0 ara d
040 _aGCL /
_cGCL
082 0 4 _a142.7
_bح ف
100 1 _aحبيب الشارونى
245 1 0 _aفلسفة جان بول سارتر /
_cحبيب الشارونى
260 _aالقاهرة :
_bمنشاة المعارف
300 _a328 ص ؛
_c24 سم
650 0 4 _aالفلسفة
650 0 4 _aالفلسفة الفرنسية
650 0 4 _aالفلسفة الغربية الحديثة
942 _2ddc
_cBK
999 _c29279
_d29279